00996nam a22002297a 45000010005000000030006000050050017000110080041000280200018000690400029000870500016001160820010001321000024001422450053001662600044002193000059002635050008003225200358003305210029006885210020007176500029007377473FISKH20250718110541.0250718b cb ||||| |||| 00| 0 eng d a9780448449760 aFISKHbengcFISKHdFISKH aPZ7.P936453 a309.2 aSantomero , Angela aThe princess and the pea / cBy Angela Santomero aNew York : bGrosset & Dunlop , c2008. a24 unnumbered pages : bcolor illustrations ;c21 cm.  aK  aPrincess Pea is nervous about passing her Princess Test, so the Super Readers soar into the story aThe Princess and the Peaa and meet another Princess who uses quick thinking to pass her test. Along the way readers will learn a lesson about trying your best, practice the alphabet, rhyme with a-inka words, and use the power to read to change the story.8 a510 bLexile estimate 8 aK bRaz-Plus  aChildren's vFairy tale